000 00845nmm a2200277 a 4500
001 ocm0002347492
003 TR-IsHL
005 20201028185402.0
008 190815s2018 tu tur
007 cr cn
020 _a9786052082201
035 _a2347492
_b(N$T)
050 0 4 _aPL248.T87
_bB8 2018
090 0 4 _aPL248.T87
_bB8 2018
100 1 _aTürüdü, Orhan
245 1 0 _aBuzkıran
_h[electronic resource] /
_cOrhan Türüdü
250 _aBirinci Baskı
260 _aİstanbul :
_bCeren Kültür Yayınları,
_c2018
300 _a111 p.
650 4 _aDil ve Edebiyat
650 4 _aLanguage and Literature
650 0 _aTürk şiiri
650 0 _aTurkish poetry
650 7 _aPOETRY / Middle Eastern
_2bisacsh
856 4 0 _uhttp://search.ebscohost.com/login.aspx?direct=true&scope=site&db=e011xww&AN=2347492
999 _c21440
_d21440